{"text_format":"3","workbook":"xlsx","n_sheets":1,"sheets":["Orçamento Sintético"],"not_rendered":{"defined_names":2},"read":"whole","date_system":"1900"}

{"sheet":"Orçamento Sintético","index":0,"n_rows":82,"n_cols":18,"rows_kept":82,"merged":[[0,4,0,5],[0,6,0,7],[0,8,0,9],[1,4,1,5],[1,6,1,7],[1,8,1,9],[2,0,2,9],[77,0,77,2],[77,5,77,6],[77,7,77,9],[78,0,78,2],[78,5,78,6],[78,7,78,9],[79,0,79,2],[79,5,79,6],[79,7,79,9],[81,0,81,9]]}
[{"$nulls":3},"Obra","Bancos",null,"B.D.I.",null,"Encargos Sociais"]
[{"$nulls":3},"REFORMA E AMPLIAÇÃO DA CÂMARA MUNICIPAL DE BARRA DE SANTANA-PB","SINAPI - 05/2025 - Paraíba\nORSE - 04/2025 - Sergipe\nSEINFRA - 028 - Ceará\n",null,"23,81%",null,"Não Desonerado: \nHorista: 113,60%\nMensalista: 69,85%"]
["Orçamento Sintético"]
["Item","Código","Banco","Descrição","Und","Quant.","Valor Unit","Valor Unit com BDI","Total","Peso (%)"]
[" 1 ","  ",null,"ADMINISTRAÇÃO LOCAL DA OBRA",null,1,"",{"$f":"I5","v":{"v":3866.94,"d":"3,866.94"}},{"$f":"SUM(I6)","v":{"v":3866.94,"d":"3,866.94"}},{"$f":"I5/$H$80","v":{"v":0.032186372559505544,"d":"3.22 %"}}]
[" 1.1 "," ADM LOCAL ","Próprio","ADMINISTRAÇÃO LOCAL DA OBRA","MÊS ",6,520.55,{"$f":"TRUNC(G6+G6*$G$2,2)","v":644.49},{"$f":"TRUNC(H6*F6,2)","v":{"v":3866.94,"d":"3,866.94"}},{"v":0.032186372559505544,"d":"3.22 %"},null,{"$f":"TRUNC(F6*G6,2)","v":3123.3}]
[" 2 ","  ",null,"SERVIÇOS PRELIMINARES",null,1,"",{"$f":"I7","v":{"v":4973.85,"d":"4,973.85"}},{"$f":"SUM(I8:I9)","v":{"v":4973.85,"d":"4,973.85"}},{"v":0.04139970859519327,"d":"4.14 %"},{"$nulls":7},{"$f":"H7+H11+H18+H25+H35+H6*3","v":{"v":60170.780000000006,"d":"60,170.78"}}]
[" 2.1 "," 103689 ","SINAPI","FORNECIMENTO E INSTALAÇÃO DE PLACA DE OBRA COM CHAPA GALVANIZADA E ESTRUTURA DE MADEIRA. AF_03/2022_PS","m²",6.8,463.93,{"$f":"TRUNC(G8+G8*$G$2,2)","v":574.39},{"$f":"TRUNC(H8*F8,2)","v":{"v":3905.85,"d":"3,905.85"}},{"v":0.032510238912821184,"d":"3.25 %"},null,3154.72]
[" 2.2 "," 98524 ","SINAPI","LIMPEZA MANUAL DE VEGETAÇÃO EM TERRENO COM ENXADA. AF_03/2024","m²",200,4.32,{"$f":"TRUNC(G9+G9*$G$2,2)","v":5.34},{"$f":"TRUNC(H9*F9,2)","v":{"v":1068,"d":"1,068.00"}},{"v":0.008889469682372088,"d":"0.89 %"},null,864]
[" 3 ","  ",null,"REFORMA",null,1,"",{"$f":"I10","v":{"v":110306.91,"d":"110,306.91"}},{"$f":"I11+I18+I25+I35+I38+I46+I54+I68","v":{"v":110306.91,"d":"110,306.91"}},{"v":0.9181366406377777,"d":"91.81 %"}]
[" 3.1 ","  ",null,"DEMOLIÇÕES",null,1,"",{"$f":"I11","v":{"v":2288.34,"d":"2,288.34"}},{"$f":"SUM(I12:I17)","v":{"v":2288.34,"d":"2,288.34"}},{"v":0.019046937315505004,"d":"1.90 %"}]
[" 3.1.1 "," 97622 ","SINAPI","DEMOLIÇÃO DE ALVENARIA DE BLOCO FURADO, DE FORMA MANUAL, SEM REAPROVEITAMENTO. AF_09/2023","m³",1.62,53.42,{"$f":"TRUNC(G12+G12*$G$2,2)","v":66.13},{"$f":"TRUNC(H12*F12,2)","v":107.13},{"v":8.9169371448737989E-4,"d":"0.09 %"},null,86.54]
[" 3.1.2 "," 85364 ","SINAPI","DEMOLICAO MANUAL DE ESTRUTURA DE CONCRETO ARMADO","m³",0.27,{"v":250,"d":"250.00"},{"$f":"TRUNC(G13+G13*$G$2,2)","v":309.52},{"$f":"TRUNC(H13*F13,2)","v":83.57},{"$f":"I13/$H$80","v":{"v":6.9559267917213051E-4,"d":"0.07 %"}},null,67.5]
[" 3.1.3 "," 97633 ","SINAPI","DEMOLIÇÃO DE REVESTIMENTO CERÂMICO, DE FORMA MANUAL, SEM REAPROVEITAMENTO. AF_09/2023","m²",70.25,21.45,{"$f":"TRUNC(G14+G14*$G$2,2)","v":26.55},{"v":1865.13,"d":"1,865.13"},{"v":0.015524360101762785,"d":"1.55 %"},null,1506.86]
[" 3.1.4 "," 97644 ","SINAPI","REMOÇÃO DE PORTAS, DE FORMA MANUAL, SEM REAPROVEITAMENTO. AF_09/2023","m²",11.34,8.97,{"v":11.1,"d":"11.10"},125.87,{"v":0.00104767560760316,"d":"0.10 %"},null,101.71]
[" 3.1.5 "," 97645 ","SINAPI","REMOÇÃO DE JANELAS, DE FORMA MANUAL, SEM REAPROVEITAMENTO. AF_09/2023","m²",2.68,23.15,28.66,{"v":76.8,"d":"76.80"},{"v":6.3924276367619513E-4,"d":"0.06 %"},null,62.04]
[" 3.1.6 "," C3040 ","SEINFRA","RETIRADA DE GRADE DE FERRO","m²",2.56,9.42,11.66,29.84,{"v":2.4837244880335495E-4,"d":"0.02 %"},null,24.11]
[" 3.2 ","  ",null,"MOVIMENTAÇÃO DE TERRA",null,1,"",{"$f":"I18","v":{"v":7491.07,"d":"7,491.07"}},{"$f":"SUM(I19:I24)","v":{"v":7491.07,"d":"7,491.07"}},{"$f":"I18/$H$80","v":{"v":0.0623517225220291,"d":"6.24 %"}}]
[" 3.2.1 "," 102315 ","SINAPI","ESCAVAÇÃO MECANIZADA DE VALA COM PROF. ATÉ 1,5 M (MÉDIA MONTANTE E JUSANTE/UMA COMPOSIÇÃO POR TRECHO), ESCAVADEIRA (0,8 M3), LARG. DE 1,5 M A 2,5 M, EM SOLO DE 2A CATEGORIA, LOCAIS COM BAIXO NÍVEL DE INTERFERÊNCIA. AF_09/2024","m³",14.64,7.24,{"$f":"TRUNC(G19+G19*$G$2,2)","v":8.96},{"$f":"TRUNC(H19*F19,2)","v":131.17},{"v":1.0917900170756055E-3,"d":"0.11 %"},null,105.99]
[" 3.2.2 "," 93369 ","SINAPI","REATERRO MECANIZADO DE VALA COM ESCAVADEIRA HIDRÁULICA (CAPACIDADE DA CAÇAMBA: 0,8 M³/POTÊNCIA: 111 HP), LARGURA 1,5 A 2,5 M, PROFUNDIDADE 1,5 A 3,0 M, COM SOLO (SEM SUBSTITUIÇÃO) DE 1ª CATEGORIA, COM COMPACTADOR DE SOLOS DE PERCUSSÃO. AF_08/2023","m³",14.64,15.72,{"$f":"TRUNC(G20+G20*$G$2,2)","v":19.46},{"$f":"TRUNC(H20*F20,2)","v":284.89},{"v":2.37127436124624E-3,"d":"0.24 %"},null,230.14]
[" 3.2.3 "," 94319 ","SINAPI","ATERRO MANUAL DE VALAS COM SOLO ARGILO-ARENOSO. AF_08/2023","m³",34.4,{"v":77.8,"d":"77.80"},96.32,{"v":3313.4,"d":"3,313.40"},{"v":0.027578997046415428,"d":"2.76 %"},null,2676.32]
[" 3.2.4 "," 100973 ","SINAPI","CARGA, MANOBRA E DESCARGA DE SOLOS E MATERIAIS GRANULARES EM CAMINHÃO BASCULANTE 6 M³ - CARGA COM PÁ CARREGADEIRA (CAÇAMBA DE 1,7 A 2,8 M³ / 128 HP) E DESCARGA LIVRE (UNIDADE: M3). AF_07/2020","m³",47.7,8.52,10.54,502.75,{"v":0.004184626294768321,"d":"0.42 %"},null,406.4]
[" 3.2.5 "," 93588 ","SINAPI","TRANSPORTE COM CAMINHÃO BASCULANTE DE 10 M³, EM VIA URBANA EM LEITO NATURAL (UNIDADE: M3XKM). AF_07/2020","M3XKM",782.28,3.07,{"v":3.8,"d":"3.80"},{"v":2972.66,"d":"2,972.66"},{"v":0.024742856691011433,"d":"2.47 %"},null,2401.59]
[" 3.2.6 "," 95875 ","SINAPI","TRANSPORTE COM CAMINHÃO BASCULANTE DE 10 M³, EM VIA URBANA PAVIMENTADA, DMT ATÉ 30 KM (UNIDADE: M3XKM). AF_07/2020","M3XKM",95.4,2.43,{"v":3,"d":"3.00"},{"v":286.2,"d":"286.20"},{"v":0.002382178111512071,"d":"0.24 %"},null,231.82]
[" 3.3 ","  ",null,"FUNDAÇÕES E ESTRUTURA",null,1,"",{"$f":"I25","v":{"v":38474.090000000004,"d":"38,474.09"}},{"$f":"SUM(I26:I34)","v":{"v":38474.090000000004,"d":"38,474.09"}},{"$f":"I25/$H$80","v":{"v":0.3202380679886284,"d":"32.02 %"}}]
[" 3.3.1 "," 96619 ","SINAPI","LASTRO DE CONCRETO MAGRO, APLICADO EM BLOCOS DE COROAMENTO OU SAPATAS, ESPESSURA DE 5 CM. AF_01/2024","m²",3.06,38.15,47.23,{"$f":"TRUNC(H26*F26,2)","v":144.52},{"v":1.2029083881052568E-3,"d":"0.12 %"},null,116.73]
[" 3.3.2 "," 104837 ","SINAPI","ARGAMASSA PARA CONTRAPISO, TRAÇO EM VOLUME SECO 1:2:2,5 (CIMENTO:AREIA NATURAL MÉDIA:AREIA RECICLADA), COM USO DE AGREGADO RECICLADO CIMENTÍCIO OU DE CONCRETO (ARCI/ARCO) - PREPARO MANUAL. AF_11/2023","m³",1.75,567.84,703.04,{"$f":"TRUNC(H27*F27,2)","v":{"v":1230.32,"d":"1,230.32"}},{"v":0.01024053589851688,"d":"1.02 %"},null,993.72]
[" 3.3.3 "," 102476 ","SINAPI","CONCRETO FCK = 25MPA, TRAÇO 1:2,2:2,5 (EM MASSA SECA DE CIMENTO/ AREIA MÉDIA/ SEIXO ROLADO) - PREPARO MECÂNICO COM BETONEIRA 400 L. AF_05/2021","m³",3.45,636.35,787.86,{"v":2718.11,"d":"2,718.11"},{"v":0.022624116515311234,"d":"2.26 %"},null,2195.4]
[" 3.3.4 "," 103075 ","SINAPI","EXECUÇÃO DE PISO DE CONCRETO, COM ACABAMENTO SUPERFICIAL, ESPESSURA DE 15 CM, FCK = 30 MPA, COM USO DE FORMAS EM MADEIRA SERRADA. AF_09/2021","m²",51.5,200.55,{"v":248.3,"d":"248.30"},{"v":12787.45,"d":"12,787.45"},{"v":0.10643600102045783,"d":"10.64 %"},null,10328.32]
[" 3.3.5 "," 103800 ","SINAPI","PEDRA ARGAMASSADA COM CIMENTO E AREIA 1:3, 40% DE ARGAMASSA EM VOLUME - AREIA E PEDRA DE MÃO COMERCIAIS - FORNECIMENTO E ASSENTAMENTO. AF_08/2022","m³",8.4,497.47,615.91,{"v":5173.64,"d":"5,173.64"},{"v":0.04306265536283477,"d":"4.31 %"},null,4178.74]
[" 3.3.6 "," 92413 ","SINAPI","MONTAGEM E DESMONTAGEM DE FÔRMA DE PILARES RETANGULARES E ESTRUTURAS SIMILARES, PÉ-DIREITO SIMPLES, EM MADEIRA SERRADA, 4 UTILIZAÇÕES. AF_09/2020","m²",49.95,107.16,132.67,{"v":6626.86,"d":"6,626.86"},{"v":0.055158493501239976,"d":"5.52 %"},null,5352.64]
[" 3.3.7 "," 104111 ","SINAPI","ARMAÇÃO DE PILAR OU VIGA DE ESTRUTURA DE CONCRETO ARMADO EMBUTIDA EM ALVENARIA DE VEDAÇÃO UTILIZANDO AÇO CA-60 DE 5,0 MM - MONTAGEM. AF_06/2022","KG",76.23,19.67,24.35,{"v":1856.2,"d":"1,856.20"},{"v":0.015450031483538455,"d":"1.55 %"},null,1499.44]
[" 3.3.8 "," 92762 ","SINAPI","ARMAÇÃO DE PILAR OU VIGA DE ESTRUTURA CONVENCIONAL DE CONCRETO ARMADO UTILIZANDO AÇO CA-50 DE 10,0 MM - MONTAGEM. AF_06/2022","KG",180.86,9.95,12.31,{"v":2226.38,"d":"2,226.38"},{"v":0.018531214898351658,"d":"1.85 %"},null,1799.55]
[" 3.3.9 "," 98557 ","SINAPI","IMPERMEABILIZAÇÃO DE SUPERFÍCIE COM EMULSÃO ASFÁLTICA, 2 DEMÃOS. AF_09/2023","m²",95.88,48.11,59.56,{"v":5710.61,"d":"5,710.61"},{"v":0.04753211092027235,"d":"4.75 %"},null,4612.78]
[" 3.4 ","  ",null,"ALVENARIA E PAREDES",null,1,"",{"$f":"I35","v":{"v":5009.96,"d":"5,009.96"}},{"$f":"SUM(I36:I37)","v":{"v":5009.96,"d":"5,009.96"}},{"$f":"I35/$H$80","v":{"v":0.04170026922274988,"d":"4.17 %"}}]
[" 3.4.1 "," 103361 ","SINAPI","ALVENARIA DE VEDAÇÃO DE BLOCOS CERÂMICOS FURADOS NA HORIZONTAL DE 14X19X29 CM (ESPESSURA 14 CM) E ARGAMASSA DE ASSENTAMENTO COM PREPARO MANUAL. AF_12/2021","m²",39.26,77.43,95.86,{"$f":"TRUNC(H36*F36,2)","v":{"v":3763.46,"d":"3,763.46"}},{"v":0.03132505952323976,"d":"3.13 %"},null,3039.9]
[" 3.4.2 "," 103322 ","SINAPI","ALVENARIA DE VEDAÇÃO DE BLOCOS CERÂMICOS FURADOS NA VERTICAL DE 9X19X39 CM (ESPESSURA 9 CM) E ARGAMASSA DE ASSENTAMENTO COM PREPARO EM BETONEIRA. AF_12/2021","m²",18,55.94,69.25,{"$f":"TRUNC(H37*F37,2)","v":{"v":1246.5,"d":"1,246.50"}},{"v":0.01037520969951012,"d":"1.04 %"},null,1006.92]
[" 3.5 ","  ",null,"REVESTIMENTOS E ACABAMENTOS",null,1,"",{"$f":"I38","v":{"v":32264.79,"d":"32,264.79"}},{"$f":"SUM(I39:I45)","v":{"v":32264.79,"d":"32,264.79"}},{"$f":"I38/$H$80","v":{"v":0.26855512407593835,"d":"26.86 %"}}]
[" 3.5.1 "," 87251 ","SINAPI","REVESTIMENTO CERÂMICO PARA PISO COM PLACAS TIPO ESMALTADA DE DIMENSÕES 45X45 CM APLICADA EM AMBIENTES DE ÁREA MAIOR QUE 10 M2. AF_02/2023_PE","m²",87.5,57.96,71.76,{"$f":"TRUNC(H39*F39,2)","v":{"v":6279,"d":"6,279.00"}},{"v":0.05226309001462017,"d":"5.23 %"},null,5071.5]
[" 3.5.2 "," 88485 ","SINAPI","FUNDO SELADOR ACRÍLICO, APLICAÇÃO MANUAL EM PAREDE, UMA DEMÃO. AF_04/2023","m²",419.86,3.69,4.56,{"$f":"TRUNC(H40*F40,2)","v":{"v":1914.56,"d":"1,914.56"}},{"v":0.01593578939614448,"d":"1.59 %"},null,1549.28]
[" 3.5.3 "," 88496 ","SINAPI","EMASSAMENTO COM MASSA LÁTEX, APLICAÇÃO EM TETO, DUAS DEMÃOS, LIXAMENTO MANUAL. AF_04/2023","m²",419.86,{"v":24.5,"d":"24.50"},30.33,{"v":12734.35,"d":"12,734.35"},{"v":0.10599402457838483,"d":"10.60 %"},null,10286.57]
[" 3.5.4 "," 88489 ","SINAPI","PINTURA LÁTEX ACRÍLICA PREMIUM, APLICAÇÃO MANUAL EM PAREDES, DUAS DEMÃOS. AF_04/2023","m²",419.86,11.94,14.78,{"v":6205.53,"d":"6,205.53"},{"v":0.051651564417650245,"d":"5.17 %"},null,5013.12]
[" 3.5.5 "," 87536 ","SINAPI","EMBOÇO, EM ARGAMASSA TRAÇO 1:2:8, PREPARO MANUAL, APLICADO MANUALMENTE EM PAREDES INTERNAS DE AMBIENTES COM ÁREA MAIOR QUE 10M², E = 17,5MM, COM TALISCAS. AF_03/2024","m²",54.16,34.56,42.78,{"v":2316.96,"d":"2,316.96"},{"v":0.01928515512665621,"d":"1.93 %"},null,1871.76]
[" 3.5.6 "," 87879 ","SINAPI","CHAPISCO APLICADO EM ALVENARIAS E ESTRUTURAS DE CONCRETO INTERNAS, COM COLHER DE PEDREIRO. ARGAMASSA TRAÇO 1:3 COM PREPARO EM BETONEIRA 400L. AF_10/2022","m²",54.16,4.11,5.08,275.13,{"v":0.002290037260029057,"d":"0.23 %"},null,222.59]
[" 3.5.7 "," 96109 ","SINAPI","FORRO EM PLACAS DE GESSO, PARA AMBIENTES RESIDENCIAIS. AF_08/2023_PS","m²",45.58,{"v":45,"d":"45.00"},55.71,{"v":2539.26,"d":"2,539.26"},{"v":0.021135463282453325,"d":"2.11 %"},null,2051.1]
[" 3.6 ","  ",null,"ESQUADRIAS E COBERTURA",null,1,"",{"$f":"I46","v":{"v":17527.28,"d":"17,527.28"}},{"$f":"SUM(I47:I53)","v":{"v":17527.28,"d":"17,527.28"}},{"$f":"I46/$H$80","v":{"v":0.14588785035060547,"d":"14.59 %"}}]
[" 3.6.1 "," 91320 ","SINAPI","KIT DE PORTA DE MADEIRA PARA PINTURA, SEMI-OCA (LEVE OU MÉDIA), PADRÃO POPULAR, 80X210CM, ESPESSURA DE 3,5CM, ITENS INCLUSOS: DOBRADIÇAS, MONTAGEM E INSTALAÇÃO DO BATENTE, SEM FECHADURA - FORNECIMENTO E INSTALAÇÃO. AF_12/2019","UN",5,748.14,926.27,{"$f":"TRUNC(H47*F47,2)","v":{"v":4631.35,"d":"4,631.35"}},{"v":0.03854891892645503,"d":"3.85 %"},null,3740.7]
[" 3.6.2 "," 90842 ","SINAPI","KIT DE PORTA DE MADEIRA PARA PINTURA, SEMI-OCA (LEVE OU MÉDIA), PADRÃO MÉDIO, 70X210CM, ESPESSURA DE 3,5CM, ITENS INCLUSOS: DOBRADIÇAS, MONTAGEM E INSTALAÇÃO DO BATENTE, FECHADURA COM EXECUÇÃO DO FURO - FORNECIMENTO E INSTALAÇÃO. AF_12/2019","UN",2,962.26,{"v":1191.37,"d":"1,191.37"},{"$f":"TRUNC(H48*F48,2)","v":{"v":2382.74,"d":"2,382.74"}},{"v":0.01983267321252366,"d":"1.98 %"},null,1924.52]
[" 3.6.3 "," 94570 ","SINAPI","JANELA DE ALUMÍNIO DE CORRER COM 2 FOLHAS PARA VIDROS (VIDROS INCLUSOS), BATENTE/ REQUADRO 6 A 14 CM, ACABAMENTO COM ACETATO OU BRILHANTE, FIXAÇÃO COM PARAFUSO, SEM GUARNIÇÃO/ ALIZAR, DIMENSÕES 100X120 CM, VEDAÇÃO COM SILICONE, EXCLUSIVE CONTRAMARCO - FORNECIMENTO E INSTALAÇÃO. AF_11/2024","m²",5,357.11,442.13,{"v":2210.65,"d":"2,210.65"},{"v":0.018400286660426833,"d":"1.84 %"},null,1785.55]
[" 3.6.4 "," 94570 ","SINAPI","JANELA DE ALUMÍNIO DE CORRER COM 2 FOLHAS PARA VIDROS (VIDROS INCLUSOS), BATENTE/ REQUADRO 6 A 14 CM, ACABAMENTO COM ACETATO OU BRILHANTE, FIXAÇÃO COM PARAFUSO, SEM GUARNIÇÃO/ ALIZAR, DIMENSÕES 100X120 CM, VEDAÇÃO COM SILICONE, EXCLUSIVE CONTRAMARCO - FORNECIMENTO E INSTALAÇÃO. AF_11/2024","m²",0.12,357.11,442.13,53.05,{"v":4.415602683987259E-4,"d":"0.04 %"},null,42.85]
[" 3.6.5 "," 94210 ","SINAPI","TELHAMENTO COM TELHA ONDULADA DE FIBROCIMENTO E = 6 MM, COM RECOBRIMENTO LATERAL DE 1 1/4 DE ONDA PARA TELHADO COM INCLINAÇÃO MÁXIMA DE 10°, COM ATÉ 2 ÁGUAS, INCLUSO IÇAMENTO. AF_07/2019","m²",45.58,63.86,79.06,{"v":3603.55,"d":"3,603.55"},{"v":0.0299940528781947,"d":"3.00 %"},null,2910.73]
[" 3.6.6 "," 94228 ","SINAPI","CALHA EM CHAPA DE AÇO GALVANIZADO NÚMERO 24, DESENVOLVIMENTO DE 50 CM, INCLUSO TRANSPORTE VERTICAL. AF_07/2019","M",17.2,{"v":79.2,"d":"79.20"},98.05,{"v":1686.46,"d":"1,686.46"},{"v":0.01403720509413224,"d":"1.40 %"},null,1362.24]
[" 3.6.7 "," 99861 ","SINAPI","GRADIL EM FERRO FIXADO EM VÃOS DE JANELAS, FORMADO POR BARRAS CHATAS DE 25X4,8 MM. AF_04/2019","m²",4,597.59,739.87,{"v":2959.48,"d":"2,959.48"},{"v":0.024633153310474297,"d":"2.46 %"},null,2390.36]
[" 3.7 ","  ",null,"INSTALAÇÃO HIDROSSANITÁRIA",null,1,"",{"$f":"I54","v":{"v":6269.25,"d":"6,269.25"}},{"$f":"SUM(I55:I67)","v":{"v":6269.25,"d":"6,269.25"}},{"$f":"I54/$H$80","v":{"v":0.05218193614813784,"d":"5.22 %"}}]
[" 3.7.1 "," 93441 ","SINAPI","BANCADA GRANITO CINZA 150 X 60 CM, COM CUBA DE EMBUTIR DE AÇO, VÁLVULA AMERICANA EM METAL, SIFÃO FLEXÍVEL EM PVC, ENGATE FLEXÍVEL 30 CM, TORNEIRA CROMADA LONGA, DE PAREDE, 1/2\" OU 3/4\", P/ COZINHA, PADRÃO POPULAR - FORNEC. E INSTALAÇÃO. AF_01/2020","UN",2,{"v":1066.89,"d":"1,066.89"},{"v":1320.91,"d":"1,320.91"},{"$f":"TRUNC(H55*F55,2)","v":{"v":2641.82,"d":"2,641.82"}},{"v":0.021989118723112575,"d":"2.20 %"},null,2133.78]
[" 3.7.2 "," 104678 ","SINAPI","CONJUNTO DE PONTOS DE COLETA DE ESGOTO PARA COZINHA (RAMAL DE ESGOTO SANITÁRIO), EM PVC SÉRIE NORMAL, COM  TUBOS, CONEXÕES, CORTES E FIXAÇÕES EM PRÉDIO. AF_05/2023_PA","UN",1,142.07,175.89,{"$f":"TRUNC(H56*F56,2)","v":175.89},{"v":1.4640157513412233E-3,"d":"0.15 %"},null,142.07]
[" 3.7.3 "," 104666 ","SINAPI","CONJUNTO DE PONTOS HIDRÁULICOS DE ÁGUA FRIA PARA COZINHA OU SERVIÇO (RAMAL/SUB-RAMAL E DISTRIBUIÇÃO) EM PVC, COM  TUBOS, CONEXÕES, REGISTROS, CORTES E FIXAÇÕES EM PRÉDIO (PRUMADA COLETIVA) SEM RASGO . AF_05/2023_PA","UN",1,294.47,364.58,364.58,{"v":3.0345719632951457E-3,"d":"0.30 %"},null,294.47]
[" 3.7.4 "," 89710 ","SINAPI","RALO SECO, PVC, DN 100 X 40 MM, JUNTA SOLDÁVEL, FORNECIDO E INSTALADO EM RAMAL DE DESCARGA OU EM RAMAL DE ESGOTO SANITÁRIO. AF_08/2022","UN",2,15.67,{"v":19.4,"d":"19.40"},{"v":38.8,"d":"38.80"},{"v":3.2295077123224437E-4,"d":"0.03 %"},null,31.34]
[" 3.7.5 "," 104676 ","SINAPI","CONJUNTO DE PONTOS DE COLETA DE ESGOTO PARA BANHEIRO (RAMAL DE ESGOTO SANITÁRIO), EM PVC SÉRIE NORMAL, COM  TUBOS, CONEXÕES, RALOS, CAIXAS SIFONADAS, CORTES E FIXAÇÕES EM PRÉDIO COM PRUMADA DE DESCIDA DE ESGOTO DENTRO DO BANHEIRO. AF_05/2023_PA","UN",1,359.31,444.86,444.86,{"v":3.7027804147004187E-3,"d":"0.37 %"},null,359.31]
[" 3.7.6 "," 104660 ","SINAPI","CONJUNTO DE PONTOS HIDRÁULICOS DE ÁGUA FRIA PARA BANHEIRO (RAMAL/SUB-RAMAL E DISTRIBUIÇÃO) EM PVC, COM TUBOS, CONEXÕES, REGISTROS, CORTES E FIXAÇÕES EM PRÉDIO COM TUBULAÇÕES EMBUTIDAS COM RASGO. AF_05/2023","UN",1,{"v":1241.92,"d":"1,241.92"},{"v":1537.62,"d":"1,537.62"},{"v":1537.62,"d":"1,537.62"},{"v":0.012798339300570196,"d":"1.28 %"},null,1241.92]
[" 3.7.7 "," 89355 ","SINAPI","TUBO, PVC, SOLDÁVEL, DE 20MM, INSTALADO EM RAMAL OU SUB-RAMAL DE ÁGUA - FORNECIMENTO E INSTALAÇÃO. AF_06/2022","M",4,18.55,22.96,91.84,{"v":7.6442780489611669E-4,"d":"0.08 %"},null,74.2]
[" 3.7.8 "," 89800 ","SINAPI","TUBO PVC, SERIE NORMAL, ESGOTO PREDIAL, DN 100 MM, FORNECIDO E INSTALADO EM PRUMADA DE ESGOTO SANITÁRIO OU VENTILAÇÃO. AF_08/2022","M",6,26.53,32.84,197.04,{"v":0.001640057215556738,"d":"0.16 %"},null,159.18]
[" 3.7.9 "," 103978 ","SINAPI","TUBO, PVC, SOLDÁVEL, DE 40MM, INSTALADO EM RAMAL DE DISTRIBUIÇÃO DE ÁGUA - FORNECIMENTO E INSTALAÇÃO. AF_06/2022","M",4,24.41,30.22,120.88,{"v":1.006141474911178E-3,"d":"0.10 %"},null,97.64]
[" 3.7.10 "," 89406 ","SINAPI","CURVA 90 GRAUS, PVC, SOLDÁVEL, DN 20MM, INSTALADO EM RAMAL DE DISTRIBUIÇÃO DE ÁGUA - FORNECIMENTO E INSTALAÇÃO. AF_06/2022","UN",8,7.89,9.76,78.08,{"v":0.000649896809737465,"d":"0.06 %"},null,63.12]
[" 3.7.11 "," 89571 ","SINAPI","TÊ, PVC, SERIE R, ÁGUA PLUVIAL, DN 100 X 100 MM, JUNTA ELÁSTICA, FORNECIDO E INSTALADO EM RAMAL DE ENCAMINHAMENTO. AF_06/2022","UN",3,64.65,80.04,240.12,{"v":1.998632453306354E-3,"d":"0.20 %"},null,193.95]
[" 3.7.12 "," 103980 ","SINAPI","JOELHO 90 GRAUS, PVC, SOLDÁVEL, DN 40MM, INSTALADO EM RAMAL DE DISTRIBUIÇÃO DE ÁGUA - FORNECIMENTO E INSTALAÇÃO. AF_06/2022","UN",5,15.77,19.52,{"v":97.6,"d":"97.60"},{"v":8.1237101217183124E-4,"d":"0.08 %"},null,78.85]
[" 3.7.13 "," 89571 ","SINAPI","TÊ, PVC, SERIE R, ÁGUA PLUVIAL, DN 100 X 100 MM, JUNTA ELÁSTICA, FORNECIDO E INSTALADO EM RAMAL DE ENCAMINHAMENTO. AF_06/2022","UN",3,64.65,80.04,240.12,{"v":1.998632453306354E-3,"d":"0.20 %"},null,193.95]
[" 3.8 ","  ",null,"INSTALAÇÃO ELÉTRICA",null,1,"",{"$f":"I68","v":{"v":982.1299999999999,"d":"982.13"}},{"$f":"SUM(I69:I74)","v":{"v":982.1299999999999,"d":"982.13"}},{"$f":"I68/$H$80","v":{"v":0.008174733014183613,"d":"0.82 %"}}]
[" 3.8.1 "," 97583 ","SINAPI","LUMINÁRIA TIPO CALHA, DE SOBREPOR, COM 1 LÂMPADA TUBULAR FLUORESCENTE DE 18 W, COM REATOR DE PARTIDA RÁPIDA - FORNECIMENTO E INSTALAÇÃO. AF_02/2020","UN",5,85.14,105.41,{"$f":"TRUNC(H69*F69,2)","v":527.05},{"v":0.004386886700462742,"d":"0.44 %"},null,425.7]
[" 3.8.2 "," 91953 ","SINAPI","INTERRUPTOR SIMPLES (1 MÓDULO), 10A/250V, INCLUINDO SUPORTE E PLACA - FORNECIMENTO E INSTALAÇÃO. AF_03/2023","UN",2,27.05,33.49,{"$f":"TRUNC(H70*F70,2)","v":66.98},{"v":5.5750625404989E-4,"d":"0.06 %"},null,{"$f":"TRUNC(F70*G70,2)","v":54.1}]
[" 3.8.3 "," 91959 ","SINAPI","INTERRUPTOR SIMPLES (2 MÓDULOS), 10A/250V, INCLUINDO SUPORTE E PLACA - FORNECIMENTO E INSTALAÇÃO. AF_03/2023","UN",1,41.23,51.04,51.04,{"v":0.000424830086693138,"d":"0.04 %"},null,41.23]
[" 3.8.4 "," 92026 ","SINAPI","INTERRUPTOR SIMPLES (2 MÓDULOS) COM 1 TOMADA DE EMBUTIR 2P+T 10 A, SEM SUPORTE E SEM PLACA - FORNECIMENTO E INSTALAÇÃO. AF_03/2023","UN",1,50.22,62.17,62.17,{"v":5.1747034658527406E-4,"d":"0.05 %"},null,50.22]
[" 3.8.5 "," 104475 ","SINAPI","COMPOSIÇÃO PARAMÉTRICA DE PONTO ELÉTRICO DE TOMADA DE USO GERAL 2P+T (10A/250V) EM EDIFÍCIO RESIDENCIAL COM ELETRODUTO EMBUTIDO EM RASGOS NAS PAREDES, INCLUSO TOMADA, ELETRODUTO, CABO, RASGO, QUEBRA E CHUMBAMENTO. AF_11/2022","UN",1,139.11,172.23,172.23,{"v":1.4335518383847797E-3,"d":"0.14 %"},null,139.11]
[" 3.8.6 "," 83555 ","SINAPI","TOMADA DUPLA DE EMBUTIR 2X2P+T 10A/250V C/ PLACA - FORNECIMENTO E INSTALACAO","UN",3,27.64,34.22,102.66,{"v":8.5448778800778892E-4,"d":"0.09 %"},null,82.92]
[" 4 ","  ",null,"SERVIÇOS FINAIS",null,1,"",{"$f":"I75","v":994.45},{"$f":"SUM(I76)","v":994.45},{"$f":"I75/$H$80","v":{"v":0.008277278207523336,"d":"0.83 %"}}]
[" 4.1 "," 99804 ","SINAPI","LIMPEZA DE PISO CERÂMICO OU PORCELANATO UTILIZANDO DETERGENTE NEUTRO E ESCOVAÇÃO MANUAL. AF_04/2019","m²",157.85,5.09,{"v":6.3,"d":"6.30"},{"$f":"TRUNC(H76*F76,2)","v":994.45},{"v":0.008277278207523336,"d":"0.83 %"},null,{"$f":"TRUNC(F76*G76,2)","v":803.45}]
[{"$nulls":11},{"$f":"SUM(L5:L76)","v":97050.55999999998}]
[{"$nulls":5},"Total sem BDI",null,{"$f":"L77","v":{"v":97050.55999999998,"d":"97,050.56"}},{"$nulls":3},100093.34]
[{"$nulls":5},"Total do BDI",null,{"$f":"H80-H78","v":{"v":23091.59000000004,"d":"23,091.59"}},{"$nulls":3},23815.67]
[{"$nulls":5},"Total Geral",null,{"$f":"I75+I68+I54+I46+I38+I35+I25+I18+I11+I7+I5","v":{"v":120142.15000000002,"d":"120,142.15"}},{"$nulls":3},{"v":123909.01000000001,"d":"123909.01"}]
[{"$nulls":11},{"$f":"L80-L80*1.5%","v":{"v":122050.37485000001,"d":"122,050.37"}}]
[{"$nulls":11},{"$f":"(L80-H80)/L80","v":{"v":0.030400210606153544,"d":"3.04%"}}]